[Event "Titled Tue 24th Jun Late"]
[Site "chess.com INT"]
[Date "2025.06.24"]
[Round "1"]
[White "Avramidou, Anastasia"]
[Black "Foldes, Marton Gabor"]
[Result "0-1"]
[WhiteTitle "FM"]
[BlackTitle "FM"]
[WhiteElo "2294"]
[BlackElo "2295"]
[WhiteFideId "4239873"]
[BlackFideId "794708"]
[EventDate "2025.06.24"]

1. Nf3 c5 2. c4 Nc6 3. g3 Nf6 4. Bg2 d5 5. O-O d4 6. Na3 e5 7. d3 Be7 8. Nc2 O-O
9. Rb1 a5 10. b3 h6 11. a3 Be6 12. Bd2 e4 13. dxe4 Nxe4 14. Nfe1 Nxd2 15. Qxd2
Bg5 16. f4 Bf6 17. Nd3 Qd6 18. Kh1 Rfe8 19. f5 Bg5 20. Qe1 Bd7 21. b4 axb4 22.
axb4 cxb4 23. c5 Qe7 24. Ncxb4 Qxe2 25. Qxe2 Rxe2 26. Nd5 Raa2 27. N5f4 Bxf4 28.
Nxf4 Reb2 29. f6 gxf6 30. Rxb2 Rxb2 31. Nd5 Be6 32. Nxf6+ Kf8 33. Nh5 Bc4 34.
Rc1 Bb3 35. Nf4 Bc2 36. Ra1 d3 37. Bf3 d2 38. Kg1 Nd4 39. Bh5 Bb3 40. Rf1 Nc2
41. Nd3 Ra2 42. Bd1 Ne3 43. Bxb3 Nxf1 44. Kxf1 Ra3 45. Bc2 Rxd3 46. Ke2 Rc3 47.
Bd1 Rxc5 48. Kxd2 Rc7 49. Bf3 Ke7 50. Kd3 Kf6 51. Kd4 Kf5 52. Be2 Ke6 53. Bd3
Kd6 54. Be4 b5 55. h4 Rc4+ 56. Kd3 Kc5 57. Bh7 Ra4 58. Bg8 Ra3+ 59. Kc2 Rxg3 60.
Bxf7 b4 61. h5 Rc3+ 62. Kb2 Kd4 63. Bg8 Rg3 64. Bf7 Kc5 65. Be8 Re3 66. Bf7 Kb5
67. Bg6 Ka4 68. Bf7 Re2+ 69. Kb1 b3 70. Bg6 Kb4 71. Kc1 Kc3 72. Kd1 Rg2 73. Ke1
b2 74. Bh7 0-1

[Event "Titled Tue 24th Jun Late"]
[Site "chess.com INT"]
[Date "2025.06.24"]
[Round "1"]
[White "Lavorgna, Giovanni"]
[Black "Martinez Fernandez, Adrian"]
[Result "0-1"]
[WhiteTitle "CM"]
[BlackTitle "IM"]
[WhiteElo "1902"]
[BlackElo "2404"]
[WhiteFideId "11800100"]
[BlackFideId "32049048"]
[EventDate "2025.06.24"]

1. d4 Nf6 2. c4 d6 3. Nc3 e5 4. d5 g6 5. Bg5 Bg7 6. e4 Nbd7 7. f3 h6 8. Be3 a5
9. Qd2 Nc5 10. O-O-O Bd7 11. Kb1 a4 12. Nge2 Kf8 13. g4 Ne8 14. Ng3 b6 15. h4
Ra5 16. h5 g5 17. Be2 Bf6 18. Nf5 Bxf5 19. exf5 Bg7 20. Ne4 Nf6 21. Nxc5 dxc5
22. d6 c6 23. d7 Kg8 24. Qd6 Ra7 25. Qxc6 Kh7 26. Rd6 Rf8 27. Rhd1 Ng8 28. Qxb6
Qxb6 29. Rxb6 Rd8 30. Rbd6 Rc7 31. Bd3 Nf6 32. Be4 a3 33. b3 Kg8 34. Kc2 Kf8 35.
Kc3 Ke7 36. R6d3 Nxd7 37. b4 cxb4+ 38. Kxb4 Rb8+ 39. Kc3 Nb6 40. c5 Na4+ 41. Kc4
Nb2+ 42. Kc3 Nxd1+ 43. Rxd1 f6 44. Rd6 Bf8 45. Ra6 Kf7 46. Rxa3 Bxc5 47. Bxc5
Rxc5+ 48. Kd3 Rd8+ 49. Ke3 Rc7 50. Ra6 Rc3+ 51. Ke2 Rd7 52. Re6 Ra3 53. Rc6
Rxa2+ 54. Ke3 Ra3+ 55. Ke2 Rda7 56. Kf2 Kg7 57. Kg3 R3a6 58. Re6 Rxe6 59. fxe6
Kf8 60. Bf5 Ke7 61. Kf2 Ra3 62. Ke2 Kd6 63. Kd2 Ra2+ 64. Ke3 Ra4 65. Kd3 Rd4+
66. Ke3 Ke7 67. Ke2 Rd8 68. Ke3 Kd6 69. Ke4 Rb8 70. Ke3 Rb3+ 71. Ke4 Rb4+ 72.
Ke3 Rb8 73. Ke4 Kc5 74. Ke3 Rb3+ 75. Ke4 Rb4+ 76. Ke3 Rb7 77. Ke4 Kc4 78. Bg6
Kc5 79. Kf5 Kd6 80. Kxf6 Rb3 81. e7 Rxf3+ 82. Kg7 Kxe7 83. Kxh6 Kf6 84. Be4 Rf4
85. Bf5 Rxf5 86. gxf5 g4 87. Kh7 g3 88. Kh8 g2 89. h6 g1=Q 90. h7 Qg7# 0-1

[Event "Titled Tue 24th Jun Late"]
[Site "chess.com INT"]
[Date "2025.06.24"]
[Round "1"]
[White "Haddouche, Mohamed"]
[Black "Klys, Kacper"]
[Result "1-0"]
[WhiteTitle "GM"]
[BlackTitle "CM"]
[WhiteElo "2490"]
[BlackElo "2218"]
[WhiteFideId "7900660"]
[BlackFideId "21005281"]
[EventDate "2025.06.24"]

1. e4 e5 2. Nf3 Nc6 3. Bc4 Nf6 4. d3 h6 5. O-O d6 6. Re1 g5 7. c3 Bg7 8. Nbd2 g4
9. Nh4 Nxe4 10. Nxe4 Qxh4 11. Ng3 O-O 12. Be3 Kh8 13. d4 f5 14. dxe5 f4 15. exd6
fxe3 16. Rxe3 cxd6 17. Qxd6 Qf6 18. Qd2 Bf5 19. Rae1 Rad8 20. Qe2 a6 21. Nxf5
Qxf5 22. Be6 Qf4 23. Bxg4 Ne5 24. Bh5 Nd3 25. Rf3 Qe5 26. Rxf8+ Rxf8 27. Qxe5
Nxe5 28. Rd1 Nc4 29. b3 Na3 30. c4 b5 31. c5 Rc8 32. Bg6 Bf8 33. Rd7 Rxc5 34. g3
Rc6 35. Be4 Re6 36. Bf5 Re7 37. Rd8 Kg7 38. h4 a5 39. Kg2 b4 40. Ra8 Re5 41. g4
h5 42. f3 hxg4 43. fxg4 Re2+ 44. Kf3 Rxa2 45. Ra7+ Kf6 46. Ra6+ Ke5 47. Re6+ Kd5
48. h5 Rb2 49. h6 Rxb3+ 50. Kf4 Bxh6+ 51. Rxh6 Nc4 52. Be6+ Kc5 53. g5 Rb1 54.
g6 Rg1 55. Rh5+ Kd4 56. Rg5 Rf1+ 57. Kg3 Nd6 58. g7 Ne4+ 59. Kh2 Nxg5 60. g8=Q
Rf2+ 61. Kg3 Ne4+ 62. Kh3 Rf3+ 63. Kh2 Rf2+ 64. Kg1 Rf6 65. Bg4 Ke5 66. Qe8+ Kf4
67. Be2 Rf5 68. Qb8+ Re5 69. Qd6 Ng3 70. Qf6+ Rf5 71. Qd6+ Re5 72. Qd2+ Re3 73.
Bf1 Nxf1 74. Kxf1 Ke4 75. Qc2+ Kd4 76. Qa4 Ra3 77. Qb5 Kc3 78. Ke2 Ra2+ 79. Kd1
a4 80. Qc5+ Kb3 81. Kc1 Ra1+ 82. Kd2 Ra2+ 83. Kd3 a3 84. Qc4+ Kb2 85. Qc2+ Ka1
86. Qc1# 1-0

[Event "Titled Tue 24th Jun Late"]
[Site "chess.com INT"]
[Date "2025.06.24"]
[Round "1"]
[White "Sivakumar, Shaashwath"]
[Black "Haug, Havard"]
[Result "0-1"]
[WhiteTitle "FM"]
[BlackTitle "FM"]
[WhiteElo "2216"]
[BlackElo "2354"]
[WhiteFideId "30912156"]
[BlackFideId "1547887"]
[EventDate "2025.06.24"]

1. d4 Nf6 2. c4 e6 3. g3 d5 4. Bg2 Bb4+ 5. Nc3 O-O 6. Nf3 b6 7. cxd5 exd5 8. O-O
Bb7 9. Bg5 Nbd7 10. Rc1 h6 11. Bf4 c6 12. Ne5 Re8 13. Nd3 Bf8 14. Qb3 Rc8 15.
Rfe1 a5 16. e4 dxe4 17. Nxe4 Nxe4 18. Bxe4 Nf6 19. Ne5 Nd5 20. Qf3 Qf6 21. Nd7
Qxd4 22. Be5 Qb4 23. Qf5 g6 24. Nf6+ Nxf6 25. Qxf6 Rxe5 26. Qxe5 Bg7 27. Qf4
Bxb2 28. Rcd1 Rf8 29. Qxh6 Bg7 30. Qd2 Qxd2 31. Rxd2 Bc3 32. Rd7 Bc8 33. Red1
Bxd7 34. Rxd7 Re8 35. Bxc6 Re2 36. Bd5 Bb4 37. Rxf7 Kh8 38. Bb3 Bc5 39. h4 b5
40. Kg2 a4 41. Bd5 Rd2 42. Be4 b4 43. Bxg6 b3 44. axb3 a3 45. h5 a2 46. h6 a1=Q
47. Rh7+ Kg8 48. Rg7+ Kh8 49. Rh7+ Kg8 50. Rg7+ Qxg7 51. hxg7 Kxg7 52. Be4 Rxf2+
53. Kh3 Rb2 54. Bd5 Bd6 55. Kg4 Kf6 56. Kf3 Rd2 57. Bc4 Rd4 58. g4 Kg5 59. Be6
Rf4+ 60. Ke3 Rb4 61. Kd3 Kf4 62. Kc3 Ke5 63. Bc4 Rb7 64. Bd3 Rg7 65. Bf5 Rc7+
66. Kd3 Bb4 67. Ke2 Rc3 68. Bd3 Rxb3 69. g5 Be7 70. g6 Bf6 71. Bc2 Ra3 72. Bd3
Bg7 73. Kd2 Kf4 74. Bc4 Ke4 75. Bf7 Kd4 76. Kc2 Be5 77. Kb2 Rg3 78. Kc2 Rg2+ 79.
Kb3 Rf2 80. Kb4 Rb2+ 81. Bb3 Bg7 82. Ka3 Kc3 83. Bf7 Rb4 84. Be8 Bf8 85. Bf7
Rb7+ 86. Ka4 Ra7+ 87. Kb5 Kd4 88. Kb6 Re7 89. Kc6 Ke5 90. Kc5 Bh6 91. Kc6 Kf6
92. Kd5 Rd7+ 93. Kc6 Rd1 94. Kc5 Ke5 95. Kc4 Rc1+ 96. Kd3 Rc7 97. Bc4 Bg7 98.
Bf7 Kf4 99. Kd2 Ke4 100. Be8 Bh6+ 101. Kd1 Kd3 102. Bb5+ Ke3 103. Be8 Kf2 104.
Bc6 Rxc6 105. g7 Rd6+ 106. Kc2 Rc6+ 107. Kb3 Rb6+ 108. Kc4 Rc6+ 109. Kd5 Rc8
110. Ke6 Ra8 111. Kf7 Ra7+ 112. Kg8 Ra8+ 113. Kh7 Bxg7 114. Kg6 Kf3 115. Kh7 Ke4
116. Kg6 Be5 117. Kh7 Kf5 118. Kh6 Rg8 119. Kh7 Rh8# 0-1

[Event "Titled Tue 24th Jun Late"]
[Site "chess.com INT"]
[Date "2025.06.24"]
[Round "2"]
[White "Vasquez Schroeder, Rodrigo"]
[Black "Veiga, Jose Francisco R P Neves"]
[Result "1-0"]
[WhiteTitle "GM"]
[BlackTitle "IM"]
[WhiteElo "2446"]
[BlackElo "2390"]
[WhiteFideId "3400042"]
[BlackFideId "1930087"]
[EventDate "2025.06.24"]

1. e4 c5 2. Nf3 d6 3. d4 cxd4 4. Nxd4 Nf6 5. Nc3 a6 6. Bg5 e6 7. f4 Be7 8. Qf3
Qc7 9. O-O-O Nbd7 10. g4 h6 11. Bxf6 Bxf6 12. h4 Nb6 13. g5 Bxd4 14. Rxd4 Qc5
15. Rd2 Bd7 16. Be2 O-O-O 17. Rhd1 Bc6 18. Rd4 Kb8 19. b4 Bxe4 20. bxc5 Bxf3 21.
Bxf3 1-0

[Event "Titled Tue 24th Jun Late"]
[Site "chess.com INT"]
[Date "2025.06.24"]
[Round "2"]
[White "Cernov, Henrik"]
[Black "Nersisyan, Garnik"]
[Result "1-0"]
[WhiteTitle "FM"]
[BlackTitle "CM"]
[WhiteElo "2325"]
[BlackElo "2035"]
[WhiteFideId "16258312"]
[BlackFideId "13300741"]
[EventDate "2025.06.24"]

1. e4 e6 2. d4 d5 3. Nd2 dxe4 4. Nxe4 Nd7 5. Nf3 Be7 6. Bd3 Ngf6 7. Nxf6+ Nxf6
8. Qe2 O-O 9. c3 b6 10. g4 Bb7 11. g5 Nd5 12. Rg1 Qd6 13. Ne5 f6 14. Bxh7+ Kxh7
15. Qh5+ Kg8 16. g6 Qxe5+ 17. dxe5 1-0

[Event "Titled Tue 24th Jun Late"]
[Site "chess.com INT"]
[Date "2025.06.24"]
[Round "2"]
[White "Luke Brezmes, Cristofer"]
[Black "Gomez Aguirre, Juan Alberto"]
[Result "0-1"]
[WhiteTitle "CM"]
[BlackTitle "FM"]
[WhiteElo "2093"]
[BlackElo "2310"]
[WhiteFideId "2274477"]
[BlackFideId "54587867"]
[EventDate "2025.06.24"]

1. e4 b6 2. d3 Bb7 3. Be2 g6 4. f4 Bg7 5. Nf3 d6 6. O-O Nd7 7. Qe1 e5 8. c3 Ngf6
9. Na3 O-O 10. Nc4 exf4 11. Bxf4 d5 12. exd5 Nxd5 13. Bg5 Qe8 14. d4 c5 15. Nd6
Qb8 16. Be7 Nxe7 17. Bb5 Qxd6 0-1

[Event "Titled Tue 24th Jun Late"]
[Site "chess.com INT"]
[Date "2025.06.24"]
[Round "2"]
[White "Mohan, Dave"]
[Black "Niemann, Hans Moke"]
[Result "0-1"]
[BlackTitle "GM"]
[WhiteElo "2018"]
[BlackElo "2736"]
[WhiteFideId "30909775"]
[BlackFideId "2093596"]
[EventDate "2025.06.24"]

1. Nf3 d5 2. c4 d4 3. e3 Nc6 4. a3 a5 5. d3 e5 6. exd4 exd4 7. g3 Nf6 8. Bg2
Qe7+ 9. Qe2 Bf5 10. Qxe7+ Bxe7 11. Kd2 Nd7 12. Re1 Nc5 13. Ne5 Nb3+ 14. Kd1 Nxe5
15. Rxe5 Bxd3 0-1

[Event "Titled Tue 24th Jun Late"]
[Site "chess.com INT"]
[Date "2025.06.24"]
[Round "2"]
[White "Patel, Maahir M"]
[Black "Makridis, Dimitrios"]
[Result "0-1"]
[BlackTitle "FM"]
[WhiteElo "2106"]
[BlackElo "2283"]
[WhiteFideId "30995612"]
[BlackFideId "25864475"]
[EventDate "2025.06.24"]

1. d4 Nf6 2. Nf3 g6 3. g3 b6 4. Bg2 Bb7 5. c4 Bg7 6. d5 O-O 7. O-O c6 8. Nc3 Na6
9. e4 cxd5 10. cxd5 d6 11. Nd4 Rc8 12. f4 Nc5 13. b4 Na6 14. Bb2 Nxb4 15. a3 Na6
16. e5 dxe5 17. fxe5 Nxd5 18. Nxd5 Bxd5 19. Bh3 e6 20. Qe1 Nc5 0-1

[Event "Titled Tue 24th Jun Late"]
[Site "chess.com INT"]
[Date "2025.06.24"]
[Round "2"]
[White "Aalto, Patrik"]
[Black "Watanabe, Akira"]
[Result "1-0"]
[WhiteTitle "FM"]
[BlackTitle "FM"]
[WhiteElo "2316"]
[BlackElo "2284"]
[WhiteFideId "510726"]
[BlackFideId "7000227"]
[EventDate "2025.06.24"]

1. c4 Nf6 2. Nf3 g5 3. Nxg5 d5 4. cxd5 Qxd5 5. d4 Nc6 6. Nf3 Bg4 7. Nc3 Qd7 8.
d5 Bxf3 9. gxf3 Nb4 10. e4 c6 11. a3 Na6 12. dxc6 Qxd1+ 13. Kxd1 O-O-O+ 14. Kc2
Nc5 15. cxb7+ Kxb7 16. Be3 e5 17. Bc4 Ne6 18. Bxe6 fxe6 19. Rad1 1-0

[Event "Titled Tue 24th Jun Late"]
[Site "chess.com INT"]
[Date "2025.06.24"]
[Round "2"]
[White "Zilberstein, Dmitry"]
[Black "Kourkoulos-Arditis, Stamatis"]
[Result "0-1"]
[WhiteTitle "IM"]
[BlackTitle "GM"]
[WhiteElo "2358"]
[BlackElo "2580"]
[WhiteFideId "2010739"]
[BlackFideId "4221990"]
[EventDate "2025.06.24"]

1. d4 d5 2. c4 e6 3. Nf3 a6 4. g3 dxc4 5. Bg2 Nc6 6. Na3 Bxa3 7. bxa3 Nf6 8. O-O
O-O 9. e3 Rb8 10. Nd2 Na5 11. Qa4 b6 12. Nxc4 Bd7 13. Qc2 Nxc4 14. Qxc4 Bb5 15.
Qc2 Bxf1 16. Bxf1 c5 17. Bxa6 cxd4 18. exd4 Qxd4 19. Bb2 Qc5 20. Qb3 b5 21. Bxf6
gxf6 22. a4 Qd4 0-1

[Event "Titled Tue 24th Jun Late"]
[Site "chess.com INT"]
[Date "2025.06.24"]
[Round "2"]
[White "Klepek, Witold"]
[Black "Yao, Hanchi"]
[Result "0-1"]
[WhiteTitle "CM"]
[WhiteElo "2253"]
[BlackElo "2129"]
[WhiteFideId "1175068"]
[BlackFideId "30957397"]
[EventDate "2025.06.24"]

1. c4 Nf6 2. Nf3 e6 3. g3 b6 4. Bg2 Bb7 5. O-O Be7 6. Nc3 O-O 7. d4 Ne4 8. Qc2
Nxc3 9. Qxc3 d6 10. b4 c5 11. bxc5 dxc5 12. dxc5 Bf6 13. Ne5 Bxg2 14. Kxg2 Nd7
15. f4 Nxc5 16. Bb2 Na4 17. Qc2 Nxb2 18. Qxb2 Qc7 19. Rfd1 Bxe5 20. Qxe5 Qxc4
21. Rd7 Qc6+ 0-1

[Event "Titled Tue 24th Jun Late"]
[Site "chess.com INT"]
[Date "2025.06.24"]
[Round "2"]
[White "Gattani, Sarthak"]
[Black "Moeller, Maurin"]
[Result "0-1"]
[BlackTitle "FM"]
[WhiteElo "1944"]
[BlackElo "2336"]
[WhiteFideId "30995965"]
[BlackFideId "16265696"]
[EventDate "2025.06.24"]

1. d4 d5 2. Bf4 Nf6 3. e3 c5 4. Nf3 Nc6 5. Nbd2 e6 6. c3 Nh5 7. Bg5 f6 8. Bh4
cxd4 9. Nxd4 g6 10. Bb5 Bd7 11. Qf3 Be7 12. e4 O-O 13. exd5 Nxd4 14. cxd4 Bxb5
15. dxe6 Qxd4 16. g4 Rfd8 17. O-O-O Bd3 18. Nb3 Rac8+ 19. Kd2 Bb4# 0-1

[Event "Titled Tue 24th Jun Late"]
[Site "chess.com INT"]
[Date "2025.06.24"]
[Round "2"]
[White "Pakleza, Zbigniew"]
[Black "Deng, Henry"]
[Result "1-0"]
[WhiteTitle "GM"]
[BlackTitle "FM"]
[WhiteElo "2484"]
[BlackElo "2327"]
[WhiteFideId "1119290"]
[BlackFideId "30965454"]
[EventDate "2025.06.24"]

1. d4 Nf6 2. Nf3 e6 3. Bf4 c5 4. c3 Nc6 5. e3 d5 6. Nbd2 cxd4 7. cxd4 Bd6 8. Bg3
O-O 9. Bd3 Qe7 10. Rc1 Bd7 11. a3 Rac8 12. O-O Rc7 13. Rc2 Rfc8 14. Ne5 h6 15.
f4 Nd8 16. Rxc7 Rxc7 17. Bh4 Qf8 18. Rf3 Ne8 19. Bxd8 1-0

[Event "Titled Tue 24th Jun Late"]
[Site "chess.com INT"]
[Date "2025.06.24"]
[Round "2"]
[White "Mikhalevski, Victor"]
[Black "Ward, Ieuan C"]
[Result "1-0"]
[WhiteTitle "GM"]
[WhiteElo "2492"]
[BlackElo "2043"]
[WhiteFideId "2801914"]
[BlackFideId "406627"]
[EventDate "2025.06.24"]

1. Nf3 e6 2. g3 b6 3. Bg2 Bb7 4. O-O Nf6 5. c4 c5 6. b3 Be7 7. Bb2 O-O 8. Nc3
Nc6 9. d4 Nxd4 10. Nxd4 Bxg2 11. Kxg2 cxd4 12. Qxd4 d5 13. cxd5 exd5 14. Rad1
Bc5 15. Qh4 d4 16. Nb5 Qd5+ 17. Kg1 d3 18. Rxd3 Bxf2+ 19. Rxf2 Qxb5 20. Rxf6 1-0

[Event "Titled Tue 24th Jun Late"]
[Site "chess.com INT"]
[Date "2025.06.24"]
[Round "2"]
[White "Nayak, Rajesh"]
[Black "Romany, Joy"]
[Result "1-0"]
[WhiteTitle "FM"]
[BlackTitle "WIM"]
[WhiteElo "2262"]
[BlackElo "1960"]
[WhiteFideId "35017152"]
[BlackFideId "10656820"]
[EventDate "2025.06.24"]

1. b3 d5 2. Bb2 Nf6 3. Nf3 c5 4. e3 Nc6 5. Bb5 a6 6. Bxc6+ bxc6 7. O-O Bg4 8. d3
e6 9. Nbd2 Bd6 10. Qe1 O-O 11. e4 Be7 12. Ne5 Qc7 13. f4 Bh5 14. h3 Bd6 15. g4
Bg6 16. Nxg6 fxg6 17. e5 Be7 18. exf6 Bxf6 19. Qxe6+ Kh8 20. Bxf6 Rxf6 21. Qe3
Raf8 22. Qxc5 Rxf4 23. Qxf8+ Rxf8 24. Rxf8# 1-0

[Event "Titled Tue 24th Jun Late"]
[Site "chess.com INT"]
[Date "2025.06.24"]
[Round "2"]
[White "Harriott, Tyrell"]
[Black "Pontes, Luiz Felizola Lima"]
[Result "1-0"]
[WhiteElo "1924"]
[BlackElo "2062"]
[WhiteFideId "2086484"]
[BlackFideId "44709919"]
[EventDate "2025.06.24"]

1. d4 d5 2. e3 Nf6 3. Bd3 e6 4. f4 c5 5. c3 Bd6 6. Nf3 Nc6 7. Ne5 Nd7 8. O-O Qe7
9. Qg4 g6 10. Qh3 f5 11. Nxg6 hxg6 12. Qxh8+ Nf8 13. Nd2 Bd7 14. Nf3 c4 15. Bc2
O-O-O 16. Qh4 Qf7 17. Ng5 Nh7 1-0

[Event "Titled Tue 24th Jun Late"]
[Site "chess.com INT"]
[Date "2025.06.24"]
[Round "2"]
[White "Hariharan, Shambavi"]
[Black "Spyropoulos, Nikolaos"]
[Result "0-1"]
[WhiteTitle "WCM"]
[BlackTitle "IM"]
[WhiteElo "1936"]
[BlackElo "2400"]
[WhiteFideId "488160"]
[BlackFideId "4298977"]
[EventDate "2025.06.24"]

1. Nf3 Nf6 2. g3 d5 3. Bg2 c6 4. O-O Bg4 5. d3 Nbd7 6. h3 Bh5 7. Nbd2 e5 8. Qe1
Bd6 9. e4 O-O 10. g4 Bg6 11. Nh4 Re8 12. Nxg6 hxg6 13. Nf3 dxe4 14. dxe4 Nc5 15.
Bg5 Qc7 16. Nd2 Rad8 17. Nb3 Ne6 18. Be3 Nf4 19. Bxf4 exf4 20. f3 Be5 21. c3 a5
22. Qe2 a4 23. Nd2 Qb6+ 24. Kh1 Qxb2 25. Rfd1 Bxc3 26. Rab1 Qxa2 27. Qc4 Rxd2 0-1

[Event "Titled Tue 24th Jun Late"]
[Site "chess.com INT"]
[Date "2025.06.24"]
[Round "2"]
[White "Carlsen, Magnus"]
[Black "Rojas Alarcon, Julian Antonio"]
[Result "1-0"]
[WhiteTitle "GM"]
[BlackTitle "FM"]
[WhiteElo "2837"]
[BlackElo "2365"]
[WhiteFideId "1503014"]
[BlackFideId "5107407"]
[EventDate "2025.06.24"]

1. Nf3 e6 2. g3 Nf6 3. Bg2 d5 4. O-O Be7 5. b3 O-O 6. Bb2 b6 7. c4 Bb7 8. cxd5
exd5 9. e3 Nbd7 10. Nc3 a6 11. Rc1 c5 12. d4 Rc8 13. Nh4 cxd4 14. Qxd4 Bc5 15.
Qd1 Nb8 16. Nf5 Re8 17. Na4 Nbd7 18. Nxc5 Nxc5 19. Qd4 a5 20. Rfd1 Re6 21. Qf4
Nce4 22. Rxc8 Qxc8 23. Bxe4 dxe4 24. Bxf6 1-0

[Event "Titled Tue 24th Jun Late"]
[Site "chess.com INT"]
[Date "2025.06.24"]
[Round "2"]
[White "Tikhonov, Viacheslav"]
[Black "Beyer, Lorenz"]
[Result "1-0"]
[WhiteTitle "CM"]
[BlackTitle "CM"]
[WhiteElo "2183"]
[BlackElo "2226"]
[WhiteFideId "44196407"]
[BlackFideId "16245393"]
[EventDate "2025.06.24"]

1. e4 e6 2. d4 d5 3. Nc3 Nf6 4. Bg5 dxe4 5. Nxe4 Be7 6. Bxf6 Bxf6 7. Nf3 O-O 8.
Qd2 b6 9. O-O-O Bb7 10. Bd3 Be7 11. h4 Nd7 12. Rh3 Nf6 13. Neg5 h6 14. Qe2 Qd5
15. c4 Qa5 16. Nxe6 fxe6 17. Qxe6+ Kh8 18. Ne5 Qxe5 19. dxe5 1-0

[Event "Titled Tue 24th Jun Late"]
[Site "chess.com INT"]
[Date "2025.06.24"]
[Round "2"]
[White "Kobalia, Mikhail"]
[Black "Popilski, Gil"]
[Result "1-0"]
[WhiteTitle "GM"]
[BlackTitle "GM"]
[WhiteElo "2538"]
[BlackElo "2431"]
[WhiteFideId "4119150"]
[BlackFideId "2809060"]
[EventDate "2025.06.24"]

1. c4 e5 2. e3 Nf6 3. Nc3 Nc6 4. Nf3 Bb4 5. Qc2 O-O 6. Nd5 Bd6 7. Nxf6+ Qxf6 8.
a3 a5 9. Bd3 h6 10. Be4 a4 11. g4 Bc5 12. Rg1 Qe7 13. h4 d6 14. g5 h5 15. g6 f5
16. Bd5+ Be6 17. Ng5 Bxd5 18. cxd5 Nd4 19. Qd1 1-0

[Event "Titled Tue 24th Jun Late"]
[Site "chess.com INT"]
[Date "2025.06.24"]
[Round "2"]
[White "Yatskar, Martin"]
[Black "Matinian, Nikita"]
[Result "0-1"]
[WhiteTitle "CM"]
[BlackTitle "GM"]
[WhiteElo "2225"]
[BlackElo "2421"]
[WhiteFideId "34109676"]
[BlackFideId "24129100"]
[EventDate "2025.06.24"]

1. d4 Nf6 2. c4 e6 3. Nc3 Bb4 4. Qc2 b6 5. e4 c5 6. d5 exd5 7. exd5 O-O 8. Bd3
d6 9. Ne2 Nbd7 10. f4 b5 11. O-O bxc4 12. Bxc4 Nb6 13. b3 Re8 14. Ng3 Nxc4 15.
bxc4 Ba6 16. Nce4 Nxe4 17. Nxe4 Qe7 18. Ng5 g6 19. a3 Ba5 20. Qa4 Bc3 21. Ra2
Bd4+ 22. Kh1 Qe1 23. Qd1 Qxd1 24. Rxd1 Bxc4 25. Rad2 Bxd5 26. Bb2 Bb3 27. Rc1
Be3 0-1

[Event "Titled Tue 24th Jun Late"]
[Site "chess.com INT"]
[Date "2025.06.24"]
[Round "2"]
[White "Nalbandyan, Vahan"]
[Black "Kjaergaard-Jensen, Jesper"]
[Result "1-0"]
[WhiteTitle "CM"]
[BlackTitle "CM"]
[WhiteElo "2155"]
[BlackElo "2081"]
[WhiteFideId "13309439"]
[BlackFideId "1406990"]
[EventDate "2025.06.24"]

1. e4 Nf6 2. Nc3 d5 3. e5 d4 4. exf6 dxc3 5. fxg7 cxd2+ 6. Qxd2 Bxg7 7. Qxd8+
Kxd8 8. Bc4 e6 9. Nf3 Bd7 10. Bg5+ f6 11. Be3 Kc8 12. O-O-O Re8 13. Rhe1 a5 14.
Nd4 e5 15. Nb5 Bxb5 16. Bxb5 c6 17. Bd3 h6 18. Bb6 Nd7 19. Bf5 Re7 20. Rxd7 Rxd7
21. Rd1 Ra6 22. Rxd7 1-0

[Event "Titled Tue 24th Jun Late"]
[Site "chess.com INT"]
[Date "2025.06.24"]
[Round "2"]
[White "Radil, Casper"]
[Black "Terletsky, Oleg"]
[Result "0-1"]
[WhiteTitle "CM"]
[BlackTitle "IM"]
[WhiteElo "2206"]
[BlackElo "2160"]
[WhiteFideId "1410164"]
[BlackFideId "14116774"]
[EventDate "2025.06.24"]

1. e4 e5 2. Nf3 Nc6 3. Bb5 a6 4. Ba4 Nf6 5. O-O Be7 6. Re1 b5 7. Bb3 d6 8. h3
O-O 9. c3 Bb7 10. d4 Re8 11. Nbd2 Bf8 12. Bc2 Nb8 13. a4 Nbd7 14. g4 d5 15. exd5
exd4 16. Nxd4 Nxd5 17. N2f3 c5 18. Rxe8 Qxe8 19. Nf5 Ne5 20. Ng5 h6 21. Ne4 Rd8
22. axb5 Nxc3 23. Qe1 Nf3+ 24. Kf1 Nxe1 25. Nxc3 Nxc2 26. Ra2 axb5 0-1

[Event "Titled Tue 24th Jun Late"]
[Site "chess.com INT"]
[Date "2025.06.24"]
[Round "2"]
[White "Amaya, Brayan Angel"]
[Black "Suarez, Pedro"]
[Result "1-0"]
[BlackTitle "CM"]
[WhiteElo "1903"]
[BlackElo "2066"]
[WhiteFideId "39909646"]
[BlackFideId "3007642"]
[EventDate "2025.06.24"]

1. Nf3 Nf6 2. g3 g6 3. Bg2 Bg7 4. c4 O-O 5. O-O d6 6. d4 Nbd7 7. b3 e5 8. e3
exd4 9. Nxd4 Re8 10. Bb2 Ne4 11. Nc3 Nxc3 12. Bxc3 Nc5 13. Ne2 Qe7 14. Bxg7 Kxg7
15. Nc3 c6 16. Qd4+ Qe5 17. Rfd1 Ne6 18. Qd2 Rd8 19. Rac1 Nc7 20. Qd4 Qxd4 21.
Rxd4 Bf5 22. Rcd1 Ne8 23. c5 Rd7 24. cxd6 Rad8 25. e4 Be6 26. e5 f6 27. f4 fxe5
28. fxe5 Rf7 29. Ne4 Bd5 30. Rxd5 cxd5 31. Ng5 1-0

[Event "Titled Tue 24th Jun Late"]
[Site "chess.com INT"]
[Date "2025.06.24"]
[Round "2"]
[White "Lavorgna, Giovanni"]
[Black "Ozen, Batuhan"]
[Result "0-1"]
[WhiteTitle "CM"]
[BlackTitle "CM"]
[WhiteElo "1902"]
[BlackElo "2128"]
[WhiteFideId "11800100"]
[BlackFideId "6345123"]
[EventDate "2025.06.24"]

1. d4 Nf6 2. c4 e5 3. dxe5 Ng4 4. e4 Nxe5 5. f4 Ng6 6. Nc3 Bb4 7. Ne2 O-O 8. a3
Be7 9. Ng3 Nc6 10. Bd3 Bc5 11. Na4 Bd4 12. Nf5 d6 13. Nxd4 Nxd4 14. O-O f5 15.
Nc3 fxe4 16. Bxe4 Nc6 17. Be3 Nge7 18. Qh5 Bf5 19. Rf3 Qe8 20. Qh4 Bxe4 21. Nxe4
Nf5 22. Qg5 Qxe4 0-1